000 00454nam a22001457a 4500
020 _a-
082 _a796.3580954 KHA
100 _aKhalid, Mahmood Syed
245 _aCricket World Cup 2011: Asian Glory
260 _aKarachi
_bJumbo Publishing
_c2012
300 _a162 p.
500 _aIncludes index
650 _aCricket--India--History. Cricket--Pakistan--History. India--Foreign relations--Pakistan. Pakistan--Foreign relations--India.
942 _cBK
999 _c13432
_d13432